Six Letter Geography - Ultra Mode - Statistics

General Stats
  • This quiz has been taken 41 times
  • The average score is 71 of 100
Answer Stats
Hint Answer % Correct
Northern border of the United States Canada
100%
Country of the Eiffel Tower France
100%
Capital of the country above Ottawa
97%
Capital of the country Iran Tehran
95%
Capital of the above Ankara
89%
Island nation in the Mediterranean Cyprus
89%
Country with the most Spanish speakers Mexico
89%
American country known for its Canal Panama
89%
Largest island in the Mediterranean Sicily
89%
Country that claims a part of the above Turkey
89%
Capital of the country above Athens
86%
Second most common language in Canada French
86%
Country with the Parthenon Greece
86%
Capital of Cuba Havana
86%
Capital of the country above Moscow
86%
Biggest country in the world Russia
86%
Most populated Nordic country Sweden
86%
Capital of Austria Vienna
86%
Sea bordering Finland and Poland Baltic
84%
Capital of Germany Berlin
84%
US states: North and South... Dakota
84%
Where JFK was assassinated Dallas
84%
Capital of Ireland Dublin
84%
Official language spoken in Austria German
84%
US state where Wizard of Oz took place Kansas
84%
Country considered a part of Serbia Kosovo
84%
Capital of England London
84%
Capital of Spain Madrid
84%
Small bordering country of the above Monaco
84%
City known as the origin of Pizza Naples
84%
Old name for Iran Persia
84%
River that flows through the above Thames
84%
Country bordering Lake Victoria Uganda
84%
Capital of Poland Warsaw
84%
Ocean bordering Greenland and Russia Arctic
81%
Capital of Lebanon Beirut
81%
Capital of Colombia Bogota
81%
Old name for Sri Lanka Ceylon
81%
Peninsula of Spain and Portugal Iberia
81%
Country bordering Egypt Israel
81%
Capital of Portugal Lisbon
81%
Largest city in Saudi Arabia Riyadh
81%
Capital of Kazakhstan Astana
78%
Island of Indonesia, Malaysia, and Brunei Borneo
78%
Largest former Portuguese colony Brazil
78%
River that flows through Vienna Danube
78%
Official language of the above Hebrew
78%
Country on the Persian Gulf Kuwait
78%
US state whose capital is Salem Oregon
78%
Country considered a part of China Taiwan
78%
Sea between Turkey and Greece Aegean
76%
Island chain of Portugal Azores
76%
Second largest city of Norway Bergen
76%
Gulf bordering Nigeria and Gabon Guinea
76%
Ocean bordering Somalia and Thailand Indian
76%
Country known as one of the above states Latvia
76%
Capital of Oman Muscat
76%
Driest US state located in the west Nevada
76%
Country with the highest average elevation Bhutan
73%
Country with the capital Georgetown Guyana
73%
Biggest country with the Dead Sea Jordan
73%
Sea between Australia and New Zealand Tasman
73%
Second largest island of the country Trinidad Tobago
73%
Capital of the above Topeka
73%
Capital of Eritrea Asmara
70%
Largest island of Canada Baffin
70%
Language in Spain in the Pyrenees Basque
70%
Capital of Tanzania Dodoma
70%
Most populous city in Myanmar Yangon
70%
Last capital alphabetically Zagreb
70%
Second largest city in Saudi Arabia Jeddah
68%
Country in Oceania (Australia) Tuvalu
68%
Second largest Portuguese colony Angola
65%
Capital of The Gambia Banjul
65%
Capital of the above Luanda
65%
Biggest province of Canada Quebec
65%
One of the ethnic groups are the Tutsis Rwanda
65%
Sea between China and Korea Yellow
65%
Capital of Mali Bamako
62%
Western region of Sudan Darfur
62%
Former capital of Equatorial Guinea Malabo
62%
Biggest contiguous empire in history Mongol
62%
Capital of the above Kigali
59%
Peninsula bordering Russia and China Korean
59%
Fourth largest city in Saudi Arabia Medina
51%
What Guangzhou was formerly known as Canton
49%
Third largest island of Greece Lesbos
49%
Fourth largest island of Greece Rhodes
46%
Second largest island of Greece Euboea
38%
Most populous province of Pakistan Punjab
38%
The longest is between Shanghai and Nanjing Bridge
35%
Island that a US State is named for Jersey
35%
Southern state of Mexico Oaxaca
35%
Fifth largest city in Saudi Arabia Dammam
30%
Fourth biggest island of the Philippines Negros
30%
Language of the province of Xinjiang Uyghur
30%
Region of Spain meaning "High Valley" Aragon
22%
Sarawak, North Borneo, Singapore and... Malaya
22%
Fourth biggest mountain in the world Lhotse
14%
Biggest Iranian province by area Kerman
11%
No matching quizzes found
Score Distribution
Percent of People with Each Score
Percentile by Number Answered
Your Score History
You have not taken this quiz